| 000 | 00511nam a22001937a 4500 | ||
|---|---|---|---|
| 005 | 20260505101859.0 | ||
| 008 | 260505b |||||||| |||| 00| 0 eng d | ||
| 020 | _a978-1-285-85834-0 | ||
| 082 |
_a658.8 _bPRI-M |
||
| 100 |
_aPride, William M. , _aO.C. Ferrell |
||
| 245 | _aMarketing | ||
| 250 | _a18th Ed | ||
| 260 |
_aCenter Street Boston, USA _bCengage Learning _c2016 |
||
| 300 | _a723 p. | ||
| 500 | _aIncludes Subject Index. | ||
| 650 | _aGeneral management | ||
| 650 | _aMarketing | ||
| 942 | _cBK | ||
| 999 |
_c47507 _d47507 |
||